How the world thinks (Record no. 5041)

MARC details
000 -CABECERA
campo de control de longitud fija 01707aam a2200289 i 4500
001 - NÚMERO DE CONTROL
campo de control 991028539987404336
005 - FECHA Y HORA DE LA ÚLTIMA TRANSACCIÓN
campo de control 20251013163916.0
008 - DATOS DE LONGITUD FIJA--INFORMACIÓN GENERAL
campo de control de longitud fija 191202t20192018enk b 001 0 eng d
015 ## - NÚMERO DE BIBLIOGRAFÍA NACIONAL
Número de bibliografía nacional GBB9D5292
Fuente bnb
016 7# - NÚMERO DE CONTROL DE UNA AGENCIA BIBLIOGRÁFICA NACIONAL
Número de control del registro 019496103
Fuente Uk
020 ## - NÚMERO INTERNACIONAL ESTÁNDAR DEL LIBRO
Número Internacional Estándar del Libro 9781783782307
035 ## - NÚMERO DE CONTROL DEL SISTEMA
Número de control de sistema (OCoLC)1134534874
Número de control cancelado/no válido (OCoLC)1078434809
-- (OCoLC)1159823261
035 ## - NÚMERO DE CONTROL DEL SISTEMA
Número de control de sistema (OCoLC)on1134534874
040 ## - FUENTE DE LA CATALOGACIÓN
Centro catalogador/agencia de origen TOH
Lengua de catalogación eng
Normas de descripción rda
Centro/agencia transcriptor TOH
Centro/agencia modificador OCLCQ
-- YDX
-- BDX
-- UKMGB
-- OCLCF
-- GEQ
-- WZW
-- L2U
-- GZM
-- VP@
-- NYP
-- U@M
-- OCLCO
-- CDX
041 ## - CÓDIGO DE LENGUA
Código de lengua del texto/banda sonora o título independiente eng
050 #4 - SIGNATURA TOPOGRÁFICA DE LA BIBLIOTECA DEL CONGRESO
Número de clasificación B72
Número de documento/Ítem .B324 2019
100 ## - ENTRADA PRINCIPAL--NOMBRE DE PERSONA
Nombre de persona Baggini, Julian
Término indicativo de función/relación author
9 (RLIN) 26142
245 10 - MENCIÓN DE TÍTULO
Título How the world thinks
Resto del título : a global history of philosophy
Mención de responsabilidad, etc. / Julian Baggini.
260 ## - PUBLICACIÓN, DISTRIBUCIÓN, ETC.
Lugar de publicación, distribución, etc. London :
Nombre del editor, distribuidor, etc. Granta Books,
Fecha de publicación, distribución, etc. 2019.
300 ## - DESCRIPCIÓN FÍSICA
Extensión 432 pages ;
Dimensiones 20 cm
504 ## - NOTA DE BIBLIOGRAFÍA, ETC.
Nota de bibliografía, etc. Includes bibliographical references (pages 377-379) and index.
520 8# - SUMARIO, ETC.
Sumario, etc. In the first global overview of philosophy, Julian Baggini travels the world to provide a wide-ranging map of human thought. One of the great unexplained wonders of human history is that written philosophy flowered entirely separately in China, India and Ancient Greece at more or less the same time. These early philosophies have had a profound impact on the development of distinctive cultures in different parts of the world. What we call 'philosophy' in the West is not even half the story. Julian Baggini sets out to expand our horizons, exploring the philosophies of Japan, India, China and the Muslim world, as well as the lesser-known oral traditions of Africa and Australia's first peoples.
650 #0 - PUNTO DE ACCESO ADICIONAL DE MATERIA--TÉRMINO DE MATERIA
Término de materia o nombre geográfico como elemento de entrada Philosophy
Subdivisión general History
9 (RLIN) 11704
650 #0 - PUNTO DE ACCESO ADICIONAL DE MATERIA--TÉRMINO DE MATERIA
Término de materia o nombre geográfico como elemento de entrada Philosophy, Comparative
9 (RLIN) 26143
650 #0 - PUNTO DE ACCESO ADICIONAL DE MATERIA--TÉRMINO DE MATERIA
Término de materia o nombre geográfico como elemento de entrada Philosophy
Número de control del registro de autoridad o número normalizado (OCoLC)fst01060777
9 (RLIN) 2992
942 ## - ELEMENTOS DE ENTRADA AGREGADA (KOHA)
Fuente del sistema de clasificación o colocación Clasificación de Library of Congress
Holdings
Estado de retiro Estado de pérdida Fuente del sistema de clasificación o colocación Estado dañado No para préstamo Biblioteca de origen Biblioteca actual Fecha de adquisición Total de préstamos Signatura topográfica completa Código de barras Fecha visto por última vez Número de copia Precio válido a partir de Tipo de ítem Koha
    Clasificación de Library of Congress     TBS Barcelona TBS Barcelona 13/10/2025   B72 BAG B07683 13/10/2025 1 13/10/2025 Book

Powered by Koha